Представление документа в формате RUSMARC

ПолеНазваниеЗначение
  Тип записи c
  Библиографический уровень m
001 Контрольный номер RU/УОНБ/EK_N/389287085
005 Дата корректировки 20250520124907.8
010 Индекс ISBN __
9 Тираж 5000 экз.
013 Номер (ISMN) __
d Цена 40 к.
071 Издательские номер (звукозапись и ноты) 21
a Номер, присвоенный агентством 2318
100 Данные общей обработки __
a Данные общей обработки 20120502d1965 u y0rusy0189||||ca
101 Язык документа 0_
a Язык текста rus
102 Страна публикации __
a Страна публикации RU
105 Кодированные данные (монография) __
a Кодированные данные (монография) y###||||000|y
125 Кодированные данные звукозаписи и нотных изданий __
a Форма изложения нотного текста с|
128 Кодированные данные (звукозаписи-физические характеристики) __
a Кодированные данные: Музыкальная форма и тональность или лад voc
c Инструменты или голоса, рекомендуемые для солистов (устаревшее) vi||
128 Кодированные данные (звукозаписи-физические характеристики) __
a Кодированные данные: Музыкальная форма и тональность или лад voc
c Инструменты или голоса, рекомендуемые для солистов (устаревшее) ka||
200 Заглавие и сведения об ответственности 1_
a Заглавие Вокализы итальянских композиторов и учителей пения ХVII - ХVIII веков
b Общее обозначение материала [Ноты]
e Сведения, относящиеся к заглавию для сред. голоса в сопровожд. фп.
f Первые сведения об ответственности сост. и авт. предисл. Г. Аден
210 Выходные данные 1_
a Место издания Москва
c Издательство Музыка
d Дата издания 1965
215 Физическое описание __
a Объем 32 c.
d Формат 29 см
225 Серия 1_
a Серия Вокально-педагогический репертуар
512 Заглавие обложки 1_
a Заглавие обложки Вокализы итальянских композиторов и учителей пения ХVII - ХVIII веков
606 Тематические рубрики 0_
a Основная рубрика Вокализы зарубежных композиторов
x Основная подрубрика Средний голос
610 Ключевые слова 0_
a Ключевые слова вокализы
610 Ключевые слова 0_
a Ключевые слова средний голос
686 Индексы других классификаций __
a Классификационный индекс 85.943.91-42я43
2 Код системы rubbk
702 Вторичная интеллектуальная ответственность _1
a Фамилия Аден
b Имя (инициалы) Г.
4 Код отношения 220
801 Источник записи _0
a Страна RU
b Организация Ульяновская ОНБ
c Дата составления 20120502
g Правила каталогизации RCR
801 Источник записи _1
a Страна RU
b Организация Ульяновская ОНБ
c Дата составления 20120502
g Правила каталогизации RCR
901 Тип документа __
t Тип документа m
909 Создатель записи __
a Создатель записи Лобина Л. И.
938 Служебная информация __
a Имя БД noti
b Имя библиотеки УОНБ
c Имя АИБС МАРК-SQL
d Номер DOC_ID в БД 10030